000 00613nam a2200193Ia 4500
005 20250508160415.0
008 008 250505s9999 xx 000 0 eng d
037 _aDissertations
040 _aFEDL
_beng
_cFEDL
041 _aeng
_2eng
084 _a371.2, SHA/DI
_qFEDL
100 _aSharma D C
245 0 _aAdministrative problems of the headmasters of government secondary and higher secondary schools of alwar district in Rajasthan
260 _c1969
300 _a92p.
546 _aM.Ed. Dissertation (Delhi University)
942 _cDIS
_h371.2, SHA/DI
999 _c1364424
_d1364424